<?xml version="1.0" encoding="UTF-8"?><?xml-stylesheet type="text/xsl" href="static/style.xsl"?><OAI-PMH xmlns="http://www.openarchives.org/OAI/2.0/" xmlns:xsi="http://www.w3.org/2001/XMLSchema-instance" xsi:schemaLocation="http://www.openarchives.org/OAI/2.0/ http://www.openarchives.org/OAI/2.0/OAI-PMH.xsd"><responseDate>2026-04-27T20:12:17Z</responseDate><request verb="GetRecord" identifier="oai:uvadoc.uva.es:10324/80141" metadataPrefix="marc">https://uvadoc.uva.es/oai/request</request><GetRecord><record><header><identifier>oai:uvadoc.uva.es:10324/80141</identifier><datestamp>2025-11-28T10:21:04Z</datestamp><setSpec>com_10324_2555</setSpec><setSpec>col_10324_2556</setSpec></header><metadata><record xmlns="http://www.loc.gov/MARC21/slim" xmlns:doc="http://www.lyncode.com/xoai" xmlns:xsi="http://www.w3.org/2001/XMLSchema-instance" xmlns:dcterms="http://purl.org/dc/terms/" xsi:schemaLocation="http://www.loc.gov/MARC21/slim http://www.loc.gov/standards/marcxml/schema/MARC21slim.xsd">
<leader>00925njm 22002777a 4500</leader>
<datafield tag="042" ind1=" " ind2=" ">
<subfield code="a">dc</subfield>
</datafield>
<datafield tag="720" ind1=" " ind2=" ">
<subfield code="a">Aguirre Rincón, María Soterraña</subfield>
<subfield code="e">author</subfield>
</datafield>
<datafield tag="260" ind1=" " ind2=" ">
<subfield code="c">2024</subfield>
</datafield>
<datafield tag="520" ind1=" " ind2=" ">
<subfield code="a">Experimento interpretativo-musical. Los alumnos de la materia «Fuentes musicales» reflexionaron sobre la ontología de "obra musical";  asumieron nuevas creencias respecto a la libertad interpretativa al enfrentarse a una fuente musical histórica y llevaron a cabo ejecuciones diversas, en este caso empleando el estilo HIP (Interpretación Históricamente Informada) sobre la creación "Qui le dirá" extraída del impreso «Silva de sirenas» de Enriquez de Valderrábano (Valladolid, 1547).</subfield>
</datafield>
<datafield tag="024" ind2=" " ind1="8">
<subfield code="a">https://uvadoc.uva.es/handle/10324/80141</subfield>
</datafield>
<datafield ind1=" " ind2=" " tag="653">
<subfield code="a">Música</subfield>
</datafield>
<datafield tag="245" ind1="0" ind2="0">
<subfield code="a">PID_2024_2025_MUSIC-an (2). HIP_ANEXO 3</subfield>
</datafield>
</record></metadata></record></GetRecord></OAI-PMH>